Giáo trình quản lý xây dựng
Na minha lista:
| Formato: | Livro |
|---|---|
| Idioma: | Undetermined |
| Publicado em: |
H.
Xây dựng
2009
|
| Assuntos: | |
| Acesso em linha: | http://lrc.tdmu.edu.vn/opac/search/detail.asp?aID=2&ID=3571 |
| Tags: |
Adicionar Tag
Sem tags, seja o primeiro a adicionar uma tag!
|
| Thư viện lưu trữ: | Trung tâm Học liệu Trường Đại học Thủ Dầu Một |
|---|
| LEADER | 00548nam a2200181Ia 4500 | ||
|---|---|---|---|
| 001 | TDMU_3571 | ||
| 008 | 210410s9999 xx 000 0 und d | ||
| 082 | |a 624.068 | ||
| 090 | |b B6301 | ||
| 245 | 0 | |a Giáo trình quản lý xây dựng | |
| 245 | 0 | |c Bộ xây dựng | |
| 260 | |a H. | ||
| 260 | |b Xây dựng | ||
| 260 | |c 2009 | ||
| 300 | |a 133tr. | ||
| 650 | |a Xây dựng |x Quản lý | ||
| 856 | |u http://lrc.tdmu.edu.vn/opac/search/detail.asp?aID=2&ID=3571 | ||
| 980 | |a Trung tâm Học liệu Trường Đại học Thủ Dầu Một | ||